000 00697nam a22002297a 4500
005 20170124105926.0
010 _aA-058683
020 _c00.00
_a333903617
035 _aA-058683
037 _bCen Lib/Ret
040 _aDPL
_bEN
082 _a020.7
_bLIB
245 _aLibrary and information science education in India /
_cedited by P. B .Mangla
260 _aDelhi
_bMacmillan India Limted
_c1981
270 _aDelhi
_bDelhi
_e110028
300 _axxiii, 345p.
_c21cm(Hb)
500 _aIncludes index
650 _aLibrary science
_9112489
650 _aInformation science--Study and teaching
_96350
700 _aMangla,P.B.
_9112490
942 _2ddc
_cEN
_h020.7
_mLIB
999 _c123477
_d123477